God's strategy in human history: (Record no. 3326)

000 -LEADER
fixed length control field 00761nam a2200205 a 4500
001 - CONTROL NUMBER
control field :::00001056$&:&@@
003 - CONTROL NUMBER IDENTIFIER
control field OkBaRHE
005 - DATE AND TIME OF LATEST TRANSACTION
control field 20100331160804.0
008 - FIXED-LENGTH DATA ELEMENTS--GENERAL INFORMATION
fixed length control field s1984 j 000 0 eng u
020 ## - INTERNATIONAL STANDARD BOOK NUMBER
International Standard Book Number 0871234343 (pbk.)
040 ## - CATALOGING SOURCE
Transcribing agency
100 1# - MAIN ENTRY--PERSONAL NAME
Personal name Forster, Roger T., and Marston, V. Paul.
245 10 - TITLE STATEMENT
Title God's strategy in human history:
Remainder of title a challenging new look at God's sovereignty and man's responsibility.
260 ## - PUBLICATION, DISTRIBUTION, ETC. (IMPRINT)
Place of publication, distribution, etc Minneapolis, MN., :
Name of publisher, distributor, etc Bethany House Publishers
Date of publication, distribution, etc 1984
300 ## - PHYSICAL DESCRIPTION
Extent 296 p. ;
Dimensions 21 cm.
650 ## - SUBJECT ADDED ENTRY--TOPICAL TERM
Topical term or geographic name as entry element Bible
General subdivision Criticism, Interpretation, etc.
700 ## - ADDED ENTRY--PERSONAL NAME
Personal name Marston, V. Paul., Joint author.
942 ## - ADDED ENTRY ELEMENTS (KOHA)
Source of classification or shelving scheme
Koha item type Books
Copies
Lost status Koha item type Current Location Source of classification or shelving scheme Permanent Location Copy number Damaged status Not for loan Date checked out Total Renewals Shelving location Price effective from Barcode Date last seen Date acquired Full call number Total Checkouts Withdrawn status
 BooksRHEMA Bible Training College RHEMA Bible Training College1  2011-12-141General Stacks2010-04-1410562012-01-072010-04-14BS 511.2 .F67 19841